| 000 | 00884cab a2200253 4500 | ||
|---|---|---|---|
| 001 | ABS57237 | ||
| 008 | 090401t1997 xxu||||| |||| 00| 0 eng d | ||
| 035 | _a(Sirsi) u79469 | ||
| 041 | _aeng | ||
| 100 | _aGriffith, A. | ||
| 245 | _aUsing a weighted score model as an aid to selecting procurement methods for small building works | ||
| 260 | _c1997 | ||
| 350 | _a0 | ||
| 490 |
_aConstruction Management & Economics _v15(4) 1997, 341-348(9) |
||
| 520 | _aFocuses on the selection of procurement methods for small building works and proposes the use of a weighted score model as an aid to selecting a method. References. | ||
| 650 | _aMINOR WORKS | ||
| 650 | _aPROCUREMENT METHODS | ||
| 650 | _aProcurement-old | ||
| 650 | _aSMALL BUILDING WORKS | ||
| 690 | _aBUILT ENVIRONMENT-BUILDING CONTRACT FORMS | ||
| 700 | _aHeadley, J.D. | ||
| 942 | _n0 | ||
| 948 | _c04/07/1997 | ||
| 999 |
_c49961 _d49961 |
||